000
00256nam a2200121Ia 4500
100
_a
Law & Judiciary Dept
650
_a
General
942
_c
BK
654
_a
Tax Act
245
_a
Bombay Sales Tax Act
260
_b
Govt
_a
Bombay
_c
1975
546
_a
ENGLISH
999
_c
31417
_d
31417